Movies Quiz

Random Movies or Grab Bag Quiz
Score 0/12 Timer 04:00
8 Plays Today
% Correct
Prosthetic Makeup
96.3%
Premiere
93.9%
Parody
92.9%
Computer Animation
92.9%
Horror Film
89%
Hollywood Blacklist
87.8%
Film Noir
87.2%
Stunt Double
85.9%
Traditional Animation
85.3%
List of Highest-Grossing Films
83.7%
Antihero
83.5%
Science Fiction
82.9%
Remove Ads.
Support Sporcle.
Get the best of Sporcle when you Go Orange. This ad-free experience offers more features, more stats, and more fun while also helping to support Sporcle. Thank you for becoming a member.

You're not logged in!

Compare scores with friends on all Sporcle quizzes.
OR
Log In

Show Comments

Extras

Top Quizzes Today


Score Distribution

Your Account Isn't Verified!

In order to create a playlist on Sporcle, you need to verify the email address you used during registration. Go to your Sporcle Settings to finish the process.

Report this User

Report this user for behavior that violates our Community Guidelines.

Details: